000
00295nam a22001337a 4500
008
170930b xxu||||| |||| 00| 0 eng d
020
_a
9782831513546
041
_a
eng
080
_a
37
100
_a
47
101
_a
EDU
245
_a
GERMAN GRAMMAR HANDBOOK
_c
WIGHTWICK, CH
942
_2
udc
_c
BK
999
_c
30917
_d
30917